| 000 | 00915nam0a22002651 4500 | ||
|---|---|---|---|
| 001 | v19\rc\1772380 | ||
| 005 | 20250619071345.0 | ||
| 035 | _a(NLR Aleph) 004869390 | ||
| 090 |
_a5084573 _c5084573 |
||
| 100 | _a20061204d1904 |||y0rusy50 ca | ||
| 101 | 0 | _arus | |
| 102 | _aRU | ||
| 105 | _ay z ||||| | ||
| 200 | 1 |
_aСтрахование убойного скота в Германии _fПав. Андреев, магистр вет. наук |
|
| 210 |
_aМосква _cКом. Моск. скотопромышленной и мясной биржи _d1904 |
||
| 215 |
_a[4], IV, 197 с. _d25 |
||
| 320 | _aБиблиогр.: с. 194-197 | ||
| 700 | 1 |
_aАндреев _bП.Н. _f1872-1949 _gПавел Николаевич |
|
| 801 | 0 |
_aRU _bNLR _gpsbo |
|
| 801 | 0 |
_aRU _bRuMoRGB _2psbo |
|
| 801 | 1 |
_aRU _bProSoft-M _2rusmarc |
|
| 852 |
_aNLR _jЭк64/Б-7/8 |
||
| 899 | _aНБ СПбГУ | ||
| 942 | _cBOOK | ||
| 980 | _aNB | ||